Culture Générale - Série 1319 - Statistiques

Statistiques générales
  • Ce quiz a été pris 88 fois
  • Le résultat moyen est 5 sur 10
Statistiques - réponses
Question Réponse % Correct
De quel pays méditerranéen est originaire la spécialité culinaire à base d'oeufs de poisson appelée "tarama" ? Grèce
90%
Quelle crème est traditionnellement utilisée pour préparer la sauce d'une île flottante ? crème anglaise
88%
Quel animal d'Afrique ne sachant pas voler est le plus gros oiseau du monde ? autruche
84%
Quel prénom féminin désigne également un bonnet de caoutchouc porté sous la douche ? Charlotte
74%
En France, qu'est-ce que le neuvième art ? bande dessinée
67%
En 1985, Philippe Lavil chantait : "Elle préfère l'amour en mer, c'est juste une question de... tempo
54%
Quelle invention ferroviaire doit-on à George Pullman, vers 1860 ? wagon-lit
31%
Quel mot, synonyme de "source de richesse", tient son nom d'une rivière de l'ancienne Lydie ? pactole
26%
Qui prête sa voix à Astérix dans le dessin animé “Les Douze Travaux d'Astérix”, en 1976 ? Roger Carel
17%
Dans "Les Fourberies de Scapin", comment se prénomme le père de Léandre et Hyacinte ? Géronte
5%
Aucun quiz correspondant
Distribution des résultats
% des personnes avec chaque résultat
Percentile par nombre de réponses
Votre historique - résultats
Vous n’avez pas pris ce quiz